000 00695nam a2200205Ia 4500
003 GCL
008 140319s9999 xx 000 0 ara d
040 _aGCL /
_cGCL
082 0 4 _a658.4
_bو ا
100 1 _aويتون، دافيد
245 1 0 _aالادارة والقيادة /
_cويتون، دافيد
700 1 _aكاميرون، تيم
260 _aالقاهرة :
_bمركز الخبرات المهنية للادارة بميك ،
_c2001
300 _a422 ص ؛
_c24 سم
650 0 4 _aادارة الاعمال
650 0 4 _aالقيادة الادارية
650 0 4 _aالاتصالات الادارية
650 0 4 _aالمهارات الادارية
942 _2ddc
_cBK
999 _c5399
_d5399